000 00734cam a2200253Ia 4500
020 _a0028330536 (Course 1)
020 _a9780028330532 (Course 1)
020 _a0028330544 (Course 2)
020 _a9780028330549 (Course 2)
020 _a0028330552 (Course 3)
020 _a9780028330556 (Course 3)
040 _cPRC
082 _a510 GLE 1999 A111 Or.
245 0 0 _aGlencoe mathematics :
_bapplications and connections /
246 3 0 _aMathematics
250 _aTeacher's wraparound ed.
260 _aNew York, N.Y. :
_bGlencoe/McGraw-Hill,
_cc1999.
300 _a3 v. :
_bill. ;
_c28 cm.
650 0 _aMathematics.
650 0 _aMathematics
700 1 _aMcClain, Kay,
710 2 _aGlencoe/McGraw-Hill.
942 _cEK
999 _c16751
_d16751